Las competencias digitales y digitalizadas : (Record no. 197059)

MARC details
000 -LEADER
campo de control de longitud fija 01458nam a2200349 i 4500
001 - NÚMERO DE CONTROL
campo de control 197059
003 - IDENTIFICADOR DE NÚMERO DE CONTROL
campo de control ES-MaACL
005 - FECHA Y HORA DE LA ÚLTIMA TRANSACCIÓN
campo de control 20250816063157.0
008 - DATOS DE LONGITUD FIJA--INFORMACIÓN GENERAL
campo de control de longitud fija 250324b2024 sp ||||| |||| 00| 0 spa d
017 ## - NÚMERO DE COPYRIGHT O DE DEPÓSITO LEGAL
Número de copyright o de depósito legal BI 01432-2024
Agencia que asigna Oficina Depósito Legal Vizcaya
020 ## - NÚMERO INTERNACIONAL ESTÁNDAR DEL LIBRO
Número Internacional Estándar del Libro 9788419751027
040 ## - FUENTE DE CATALOGACIÓN
Lengua de catalogación spa
Centro/agencia transcriptor ES-MaACL
080 ## - NÚMERO DE LA CLASIFICACIÓN DECIMAL UNIVERSAL
Número de la Clasificación Decimal Universal 004:001.92(460)
080 ## - NÚMERO DE LA CLASIFICACIÓN DECIMAL UNIVERSAL
Número de la Clasificación Decimal Universal 005.591.6(460)
080 ## - NÚMERO DE LA CLASIFICACIÓN DECIMAL UNIVERSAL
Número de la Clasificación Decimal Universal 331.101.5
245 14 - MENCIÓN DEL TÍTULO
Título Las competencias digitales y digitalizadas :
Resto del título sus implicaciones en el ámbito laboral y de los recursos humanos /
Mención de responsabilidad, etc. Alicia Gómez Tello, Laura Hernández Lahiguera, Vicente Martínez-Tur, Fernando Pascual Lavilla.
260 ## - PUBLICACIÓN, DISTRIBUCIÓN, ETC.
Lugar de publicación, distribución, etc. Bilbao :
Nombre del editor, distribuidor, etc. Fundación BBVA,
Fecha de publicación, distribución, etc. 2024.
300 ## - DESCRIPCIÓN FÍSICA
Extensión 415 páginas ;
Dimensiones 24 cm.
336 ## - TIPO DE CONTENIDO
Fuente rdacontent
Término de tipo de contenido texto
337 ## - TIPO DE MEDIO
Fuente rdamedia
Nombre/término del tipo de medio sin mediación
338 ## - TIPO DE SOPORTE
Fuente rdacarrier
Nombre/término del tipo de soporte volumen
650 #0 - PUNTO DE ACCESO ADICIONAL DE MATERIA--TÉRMINO DE MATERIA
9 (RLIN) 235474
Término de materia o nombre geográfico como elemento de entrada Mercado de trabajo-
Subdivisión general Efectos de las innovaciones tecnológicas
700 ## - ENTRADA AGREGADA--NOMBRE PERSONAL
9 (RLIN) 238722
Nombre de persona Gómez Tello, Alicia
Término indicativo de función/relación Autor
700 ## - ENTRADA AGREGADA--NOMBRE PERSONAL
9 (RLIN) 159584
Nombre de persona Hernández Lahiguera, Laura
Término indicativo de función/relación Autor
700 ## - ENTRADA AGREGADA--NOMBRE PERSONAL
9 (RLIN) 241523
Nombre de persona Martínez-Tur, Vicente
Término indicativo de función/relación Autor
700 ## - ENTRADA AGREGADA--NOMBRE PERSONAL
9 (RLIN) 236535
Nombre de persona Pascual Lavilla, Fernando
Término indicativo de función/relación Autor
852 ## - LOCALIZACIÓN
Ubicación ES-MaACL
Ubicación en estantería Depósito J
Número de control de estantería N-10433
Encuadernación Encuadernación rústica con solapas
itemnumber 206557
Donativo/Legado Donación: Editorial
942 ## - ELEMENTOS DE ENTRADA SECUNDARIOS (KOHA)
Tipo de ítem Koha Libro impreso
Suprimir en OPAC No
Holdings
Estatus retirado Estado de pérdida Fuente del sistema de clasificación o colocación Estado de daño No para préstamo Biblioteca de origen Biblioteca actual Ubicación en estantería Fecha de adquisición Fuente de adquisición Total de préstamos Signatura topográfica completa Código de barras Visto por última vez Precio de reemplazo Tipo de ítem Koha
    Clasificación decimal universal     Biblioteca del Ateneo de Madrid Biblioteca del Ateneo de Madrid Depósito J 14/08/2025 Donación   N-10433 2025-0934 14/08/2025 14/08/2025 Libro impreso